Planning successful museum building projects / (Record no. 352316)

000 -LEADER
fixed length control field 00987 a2200301 4500
003 - CONTROL NUMBER IDENTIFIER
control field OSt
005 - DATE AND TIME OF LATEST TRANSACTION
control field 20180116192331.0
008 - FIXED-LENGTH DATA ELEMENTS--GENERAL INFORMATION
fixed length control field 120209t xxu||||| |||| 00| 0 eng d
010 ## - LIBRARY OF CONGRESS CONTROL NUMBER
LC control number 2008046401
020 ## - INTERNATIONAL STANDARD BOOK NUMBER
International Standard Book Number 9780759111868 (cl : alk. paper)
020 ## - INTERNATIONAL STANDARD BOOK NUMBER
International Standard Book Number 9780759111875 (pbk. : alk. paper)
020 ## - INTERNATIONAL STANDARD BOOK NUMBER
International Standard Book Number 0759111863 (cl : alk. paper)
020 ## - INTERNATIONAL STANDARD BOOK NUMBER
International Standard Book Number 0759111871 (pbk. : alk. paper)
035 ## - SYSTEM CONTROL NUMBER
System control number (OCoLC)281087429
040 ## - CATALOGING SOURCE
Transcribing agency 0
082 00 - DEWEY DECIMAL CLASSIFICATION NUMBER
Classification number 727.6
100 1# - MAIN ENTRY--PERSONAL NAME
Personal name Crimm, Walter L.
245 10 - TITLE STATEMENT
Title Planning successful museum building projects /
Statement of responsibility, etc. Walter L. Crimm, Martha Morris, and L. Carole Wharton.
260 ## - PUBLICATION, DISTRIBUTION, ETC.
Place of publication, distribution, etc. New York :
Name of publisher, distributor, etc. AltaMira Press,
Date of publication, distribution, etc. c2009.
300 ## - PHYSICAL DESCRIPTION
Extent xiii, 288 p. :
Other physical details ill. ;
Dimensions 23 cm.
500 ## - GENERAL NOTE
General note Includes index.
650 #0 - SUBJECT ADDED ENTRY--TOPICAL TERM
Topical term or geographic name entry element Museum architecture.
650 #0 - SUBJECT ADDED ENTRY--TOPICAL TERM
Topical term or geographic name entry element Museums
General subdivision Planning.
700 1# - ADDED ENTRY--PERSONAL NAME
Personal name Morris, Martha.
700 1# - ADDED ENTRY--PERSONAL NAME
Personal name Wharton, L. Carole.
942 ## - ADDED ENTRY ELEMENTS (KOHA)
Institution code [OBSOLETE] SADA
Koha item type Book
Call number prefix 727.6 CRI 2009
Source of classification or shelving scheme
Holdings
Withdrawn status Lost status Source of classification or shelving scheme Damaged status Not for loan Permanent Location Current Location Date acquired Total Checkouts Total Renewals Full call number Barcode Date last seen Date last checked out Cost, replacement price Price effective from Koha item type
          School of Art Design and Architecture (SADA) School of Art Design and Architecture (SADA) 08/31/2010 3 1 727.6 CRI 2009 SADA0000088 12/15/2015 12/07/2015 3991.00 08/05/2011 Book
          School of Art Design and Architecture (SADA) School of Art Design and Architecture (SADA) 08/31/2010 1 1 727.6 CRI 2009 SADA0000122 12/29/2011 12/14/2011 3991.00 08/05/2011 Book
© 2023 Central Library, National University of Sciences and Technology. All Rights Reserved.